000 00440nam a2200133Ia 4500
005 20260328104342.0
008 260328s9999||||xx |||||||||||||| ||und||
100 _aCantú, Irma Laura
245 0 _aValidación del Modelo Para La Conceptualizacion del Diseño Arquitectónico Como Instrumento Didáctico /
_cIrma Laura Cantú
260 _bUniversidad Autónoma de Nuevo León
300 _a281 p.
650 _aINVESTIGACIÓN
942 _cBK
999 _c12166
_d12166